| 000 | 00489nam a2200157 4500 | ||
|---|---|---|---|
| 001 | 144075 | ||
| 003 | ES-MaACL | ||
| 007 | t| | ||
| 008 | 070214s1960 ag r ||||1| spa d | ||
| 100 | 1 |
_aShute, Nevil. _9106177 |
|
| 245 | 1 | 0 |
_aAquel país lejano / _cNevil Shute ; traducción de Consuelo González de Ortega. |
| 260 |
_aBuenos Aires : _bPlaza & Janés, _c1960. |
||
| 300 |
_a383 p. ; _c24 cm. |
||
| 700 | 1 |
_aGonzález de Ortega, Consuelo. _958568 |
|
| 852 |
_aES-MaACL _jB-2092 _bR.48210 |
||
| 999 |
_c144075 _d144075 |
||